Párhuzamos verselemzés
Elmentve itt :
| Szerző: | |
|---|---|
| További közreműködők: | |
| Dokumentumtípus: | Cikk |
| Megjelent: |
1987
|
| Sorozat: | Tiszatáj
41 No. 5 |
| Kulcsszavak: | Verselemzés - magyar |
| Online Access: | http://tiszataj.bibl.u-szeged.hu/13333 |
| LEADER | 00596nab a2200193 i 4500 | ||
|---|---|---|---|
| 001 | tisza13333 | ||
| 005 | 20200330145445.0 | ||
| 008 | 161103s1987 hu o 0|| hun d | ||
| 022 | |a 0133-1167 | ||
| 040 | |a SZTE Tiszatáj Archívum |b hun | ||
| 041 | |a hun | ||
| 100 | 1 | |a Péter László | |
| 245 | 1 | 0 | |a Párhuzamos verselemzés |h [elektronikus dokumentum] / |c Péter László |
| 260 | |c 1987 | ||
| 300 | |a 63-73 | ||
| 490 | 0 | |a Tiszatáj |v 41 No. 5 | |
| 695 | |a Verselemzés - magyar | ||
| 700 | 0 | 1 | |a Imre Lajos |
| 856 | 4 | 0 | |u http://tiszataj.bibl.u-szeged.hu/13333/1/tiszataj_1987_005_063-073.pdf |z Dokumentum-elérés |